000 00300nam a2200133Ia 4500
008 210312s9999||||xx |||||||||||||| ||und||
041 _aosm
050 _aBP70
050 _bN33
100 _aMuallim Naci
245 0 _aEsami
260 _c1892
650 _aDin--İslam dini--Müslümanlar--Biyografi
999 _c22060
_d22060